| 000 | 00000nam 2200000za 4500 |
| 001 | 9.845595 |
| 003 | CaOODSP |
| 005 | 20221107153013 |
| 007 | cr ||||||||||| |
| 008 | 171017m19621963onc oab f000 0 eng d |
| 040 | |aCaOODSP|beng |
| 041 | |aeng|afre |
| 043 | |an-cn--- |
| 086 | 1 |aCS11-506/1961-PDF |
| 245 | 00|aPublications of the 1961 Census of Canada |h[electronic resource] : |blist / |cDominion Bureau of Statistics. |
| 246 | 15|aPublications du Recensement du Canada : |bliste |
| 260 | |aOttawa : |bThe Queen's Printer, |c1962-1963. |
| 300 | |a3 v. |
| 500 | |aEach list supersedes previous lists. |
| 500 | |aAt head of title: Canadian government publications. |
| 500 | |aDigitized edition from print [produced by Statistics Canada]. |
| 504 | |aIncludes bibliographical references. |
| 505 | 0 |aList no. 1 - March 1962 -- List no. 2 - October 1962 -- List no. 3 - June 1963. |
| 530 | |aIssued also in print format. |
| 546 | |aText in English and French. |
| 692 | 07|2gccst|aCensus |
| 692 | 07|2gccst|aCensus data |
| 692 | 07|2gccst|aBibliographies |
| 692 | 07|2gccst|aCatalogues |
| 710 | 1 |aCanada. |bDominion Bureau of Statistics. |
| 792 | |tPublications of the 1961 Census of Canada |efre|w(CaOODSP)9.845597 |
| 856 | 40|qPDF|s2.34 MB|uhttps://publications.gc.ca/collections/collection_2017/statcan/11-506/CS11-506-1961-1.pdf|zList no. 1 - March 1962 |
| 856 | 40|qPDF|s3.11 MB|uhttps://publications.gc.ca/collections/collection_2017/statcan/11-506/CS11-506-1961-2.pdf|zList no. 2 - October 1962 |
| 856 | 40|qPDF|s4.03 MB|uhttps://publications.gc.ca/collections/collection_2017/statcan/11-506/CS11-506-1961-3.pdf|zList no. 3 - June 1963 |
| 986 | |a11-506 |